Гидравлика и гидропневмопривод. Гидравлические машины и гидропневмопривод Учебник
Предлагаемая книга содержит необходимые сведения о гидравлических и пневматических системах гидро- и пневмоприводах их видах основах расчета и возможностях практического применения. Учебник разработан в соответствии с требованиями Федерального государственного образовательного стандарта высшего обр...
保存先:
| 第一著者: | |
|---|---|
| フォーマット: | Учебник |
| 版: | 6 |
| シリーズ: | Высшее образование: Бакалавриат |
| オンライン・アクセス: | https://znanium.com/catalog/document?id=387706 https://znanium.com/cover/1843/1843091.jpg |
| タグ: |
タグ追加
タグなし, このレコードへの初めてのタグを付けませんか!
|
| LEADER | 03918nam0a2200421 i 4500 | ||
|---|---|---|---|
| 001 | RU\infra-m\znanium\bibl\1843091 | ||
| 003 | https://znanium.com/catalog/document?id=387706 | ||
| 005 | 20250320000000.0 | ||
| 010 | |a 978-5-16-011954-0 | ||
| 010 | |a 978-5-16-104546-6 |b электр. издание | ||
| 100 | |a 20250320d2021 m y0rusy0150 ca | ||
| 101 | 0 | |a rus | |
| 102 | |a RU | ||
| 200 | 1 | |a Гидравлика и гидропневмопривод. Гидравлические машины и гидропневмопривод |e Учебник |f Московский политехнический университет | |
| 205 | |a 6 |b перераб. и доп. | ||
| 210 | 1 | |a Москва |c ООО "Научно-издательский центр ИНФРА-М" |d 2022 | |
| 215 | |a 446 с. | ||
| 225 | 1 | |a Высшее образование: Бакалавриат | |
| 330 | |a Предлагаемая книга содержит необходимые сведения о гидравлических и пневматических системах гидро- и пневмоприводах их видах основах расчета и возможностях практического применения. Учебник разработан в соответствии с требованиями Федерального государственного образовательного стандарта высшего образования последнего поколения для машиностроительных направлений и специальностей. Книга предназначена для студентов машиностроительных специальностей обучающихся в вузах по программам подготовки бакалавров магистров и дипломированных специалистов и изучающих дисциплины «Гидравлические и пневматические системы» «Гидравлика и гидропневмопривод» и другие относящиеся к разряду общетехнических и являющиеся базовыми дисциплинами профессионального цикла. Книга также может быть полезна аспирантам и инженерам интересующимся вопросами разработки гидро- и пневмосистем. | ||
| 333 | |a ВО - Бакалавриат | ||
| 606 | |a Общетехнические дисциплины |x Техническая механика. Сопротивление материалов |2 local | ||
| 608 | |a Учебник |2 local | ||
| 675 | |a 62-82(075.8) |z rus | ||
| 686 | |a 39.79я73 |2 rubbk | ||
| 686 | |a 15.03.05 |2 okso | ||
| 686 | |a 23.03.02 |2 okso | ||
| 686 | |a 23.03.03 |2 okso | ||
| 686 | |a 23.04.02 |2 okso | ||
| 686 | |a 23.05.01 |2 okso | ||
| 686 | |a 23.05.02 |2 okso | ||
| 686 | |a 35.03.02 |2 okso | ||
| 686 | |a 35.03.06 |2 okso | ||
| 700 | 1 | |a Лепешкин |b А. В. |g Александр Владимирович |p Московский политехнический университет | |
| 701 | 1 | |a Михайлин |b А. А. |g Александр Александрович |p Московский политехнический университет | |
| 701 | 1 | |a Шейпак |b А. А. |g Анатолий Александрович |p Московский политехнический университет | |
| 801 | 0 | |a RU |b Общество с ограниченной ответственностью «ЗНАНИУМ» |c 20210922 |2 rusmarc | |
| 856 | 4 | |a znanium.com |m ebs_support@infra-m.ru |n НИЦ ИНФРА-М |u https://znanium.com/catalog/document?id=387706 | |
| 856 | 4 | 1 | |a znanium.com |d /cover/1843 |f 1843091.jpg |q image/jpeg |u https://znanium.com/cover/1843/1843091.jpg |